Statystyki dla Kraje europejskie z flagami krzyżowymi

Kliknij tutaj aby rozwiązać quiz!

Ogólne statystyki

  • Ten quiz został rozwiązany 246 razy
  • Średni wynik to 7 z 9

Statystyki odpowiedzi

Kraj% Poprawnych
Szwecja
98%
Norwegia
97%
Finlandia
96%
Dania
95%
Islandia
90%
Wielka Brytania
82%
Szwajcaria
67%
Grecja
61%
Malta
49%

Rozkład punktacji

Percentyl według liczby udzielonych odpowiedzi

Procent ludzi z każdym wynikiem

Twoja historia wyników

Nie rozwiązałeś tego quizu